The Home Video Yearbook 1981-82 / (Record no. 183264)

000 -LEADER
fixed length control field 00958 a2200157 4500
003 - CONTROL NUMBER IDENTIFIER
control field Nust
005 - DATE AND TIME OF LATEST TRANSACTION
control field 20221223121122.0
020 ## - INTERNATIONAL STANDARD BOOK NUMBER
International Standard Book Number 0871965593
040 ## - CATALOGING SOURCE
Transcribing agency Nust
082 ## - DEWEY DECIMAL CLASSIFICATION NUMBER
Classification number 621.388,KNO
245 ## - TITLE STATEMENT
Title The Home Video Yearbook 1981-82 /
260 ## - PUBLICATION, DISTRIBUTION, ETC.
Place of publication, distribution, etc. New York
Name of publisher, distributor, etc. Fact on File
Date of publication, distribution, etc. 1981
505 ## - FORMATTED CONTENTS NOTE
Formatted contents note Overview of the Home Video Industry (Page-1), Mergers, Acquisitions and Join T Ventures (Page-11), Cable (Page-19), Advertising on Cable (Page-63), Interaction Cable (Page-79), Pay Television Services (Page-85),Satellites (Page-95), Subscription Television (Page-113), Multipoint Distributions Services (Page-127), VCRs/Camera/Blank Tape (Page-141), Video Discs (Page-151),VCR and Disc Software (Page-161), Videotape Duplication Services (Page-173), Videotext (Page-181), Home Computers (Page-201), The Home Video Industry in Europe and Japan (Page-207), Financial Summaries (Page-217), Resources (Page-247).
650 ## - SUBJECT ADDED ENTRY--TOPICAL TERM
Topical term or geographic name entry element Home Video
9 (RLIN) 105756
942 ## - ADDED ENTRY ELEMENTS (KOHA)
Source of classification or shelving scheme
Koha item type Book
Holdings
Withdrawn status Lost status Source of classification or shelving scheme Damaged status Not for loan Permanent Location Current Location Shelving location Date acquired Full call number Barcode Date last seen Price effective from Koha item type Public note
          Military College of Signals (MCS) Military College of Signals (MCS) General Stacks 12/12/2016 621.388,KNO MCS6914 12/08/2016 12/12/2016 Book Almirah No.39, Shelf No.4
© 2023 Central Library, National University of Sciences and Technology. All Rights Reserved.